[Event "Chigorin Memorial 21st"]
[Site "St Petersburg"]
[Date "2013.10.10"]
[Round "6"]
[White "Popov, Alexei"]
[Black "Halikov, Bulat"]
[Result "1-0"]
[WhiteElo "1858"]
[BlackElo "1611"]
[PlyCount "37"]
[EventDate "2013.10.05"]
[EventType "swiss"]
[EventRounds "9"]
[EventCountry "RUS"]
[SourceTitle "CBM 156 Extra"]
[Source "ChessBase"]
[SourceDate "2013.10.22"]
[SourceVersion "1"]
[SourceVersionDate "2013.10.22"]
[SourceQuality "1"]

1. e4 e5 2. Nf3 Nc6 3. Bc4 Bc5 4. 0-0 Nf6 5. d4 Bxd4 6. Nxd4 Nxd4 7. Bg5 h6 8. Bh4 d6 9. f4 Be6 10. Na3 Qe7 11. c3 Nc6 12. Bd5 Bxd5 13. exd5 Nb8 14. Qb3 c6 15. fxe5 dxe5 16. d6 Qxd6 17. Qxb7 Qd7 18. Qxa8 Nd5 19. Qxb8+ 1-0